Name the Continents in Order by Population in 15 Seconds - Statistics

General Stats
  • This quiz has been taken 841 times
  • The average score is 4 of 7
Answer Stats
Number Continent Population % Correct
1 Asia 4 216 000 000
100%
2 Africa 1 072 000 000
90%
3 Europe 740 000 000
74%
4 North America 546 000 000
59%
5 South America 396 000 000
50%
6 Oceania 37 000 000
37%
7 Antarctica 0
20%
No matching quizzes found
Score Distribution
Percent of People with Each Score
Percentile by Number Answered
Your Score History
You have not taken this quiz